Los papas del renacimiento / (Record no. 16547)

MARC details
000 -LEADER
campo de control de longitud fija 00819nam a2200277 i 4500
001 - NÚMERO DE CONTROL
campo de control 16547
003 - IDENTIFICADOR DE NÚMERO DE CONTROL
campo de control ES-MaACL
005 - FECHA Y HORA DE LA ÚLTIMA TRANSACCIÓN
campo de control 20260201063013.0
007 - CAMPO FIJO DE DESCRIPCIÓN FÍSICA--INFORMACIÓN GENERAL
campo de control de longitud fija t|
008 - DATOS DE LONGITUD FIJA--INFORMACIÓN GENERAL
campo de control de longitud fija 001017s1999 sp ||||0| spa j
020 ## - NÚMERO INTERNACIONAL ESTÁNDAR DEL LIBRO
Número Internacional Estándar del Libro 84-375-0483-X
040 ## - FUENTE DE CATALOGACIÓN
Centro catalogador/agencia de origen M-BN
Lengua de catalogación spa
Centro/agencia transcriptor M-BN
080 ## - NÚMERO DE LA CLASIFICACIÓN DECIMAL UNIVERSAL
Número de la Clasificación Decimal Universal 262.13"14/15"
100 0# - ENTRADA PRINCIPAL--NOMBRE DE PERSONA
Nombre de persona Symonds, John Addington,
Fechas asociadas al nombre 1840-1893
9 (RLIN) 108971
245 14 - MENCIÓN DEL TÍTULO
Título Los papas del renacimiento /
Mención de responsabilidad, etc. John Addington Symonds.
250 ## - MENCION DE EDICION
Mención de edición 1ª ed. en España.
260 ## - PUBLICACIÓN, DISTRIBUCIÓN, ETC.
Lugar de publicación, distribución, etc. Madrid :
Nombre del editor, distribuidor, etc. F.C.E. de España,
Fecha de publicación, distribución, etc. 1999.
300 ## - DESCRIPCIÓN FÍSICA
Extensión 103 p. ;
Dimensiones 17 cm.
490 1# - MENCIÓN DE SERIE
Mención de serie Fondo 2000
610 24 - PUNTO DE ACCESO ADICIONAL DE MATERIA--NOMBRE DE ENTIDAD CORPORATIVA
Nombre de entidad corporativa o nombre de jurisdicción como elemento de entrada Iglesia Católica-
Subdivisión geográfica Italia-
Subdivisión cronológica S.XV-XVI
9 (RLIN) 4652
650 14 - PUNTO DE ACCESO ADICIONAL DE MATERIA--TÉRMINO DE MATERIA
Término de materia o nombre geográfico como elemento de entrada Renacimiento-
Subdivisión geográfica Italia.
9 (RLIN) 16844
830 0# - PUNTO DE ACCESO ADICIONAL DE SERIE-TÍTULO UNIFORME
Título uniforme Fondo 2000
9 (RLIN) 179793
852 ## - LOCALIZACIÓN
Ubicación ES-MaACL
Número de control de estantería L-23763
Sublocalización o colección R.128653
Holdings
Estatus retirado Estado de pérdida Estado de daño No para préstamo Biblioteca de origen Biblioteca actual Ubicación en estantería Fecha de adquisición Fuente de adquisición Total de préstamos Signatura topográfica completa Código de barras Visto por última vez Precio de reemplazo Tipo de ítem Koha
        Biblioteca del Ateneo de Madrid Biblioteca del Ateneo de Madrid Depósito 2 17/01/2008     L-23763 1016809 23/02/2023 23/02/2023 Libro impreso